Flatland: a romance of many dimentions (Record no. 30096)

MARC details
000 -LEADER
fixed length control field 00385nam a2200157Ia 4500
020 ## - INTERNATIONAL STANDARD BOOK NUMBER
ISBN 486- 20001- 9
050 ## - CALL MARK
Classification number QA 699.A13/
100 ## - STATEMENT OF RESPONSIBILITY--MAIN AUTHOR NAME
Personal name Banesh Hoffmann
245 #0 - TITLE STATEMENT
Title Flatland: a romance of many dimentions
260 ## - PUBLICATION, DISTRIBUTION, ETC. (IMPRINT)
Name of publisher Dover publications, inc.
260 ## - PUBLICATION, DISTRIBUTION, ETC. (IMPRINT)
Year of publication 1952
300 ## - PHYSICAL DESCRIPTION
Number of Pages 103 p
942 ## - ADDED ENTRY ELEMENTS (KOHA)
Koha item type Books
Holdings
Withdrawn status Lost status Source of classification or shelving scheme Damaged status Not for loan Permanent Location Current Location Date acquired Accession Number Price effective from Koha item type
    Library of Congress Classification     NILE UNIVERSITY OF NIGERIA - MAIN LIBRARY NILE UNIVERSITY OF NIGERIA - MAIN LIBRARY 04/23/2025 0007775 04/23/2025 Books